| 000 | 00416nam a2200169 4500 | ||
|---|---|---|---|
| 005 | 20250710154503.0 | ||
| 008 | cu123 | ||
| 020 | _a9780761917427 | ||
| 050 | _aHD9980.5.N48 NEW | ||
| 100 | _aFITZSIMMONS,A.James ed. | ||
| 245 |
_aNew service development: _bcreating memorable experiences |
||
| 260 |
_aLondon _bSage _c2000 |
||
| 300 | _a328p | ||
| 500 | _aindex | ||
| 700 | _aFITZSIMMONS,J.Mona | ||
| 942 |
_2lcc _cBK _n0 |
||
| 999 |
_c6908 _d6908 |
||